00410nam a2200109Ia 4500008004100000100002400041245009400065260004800159300001100207650001400218856006800232160712s9999 xx 000 0 und d aMartinez, Leujim C. cLeujim C. MartinezaActive Listening as the Core Method in Teaching the Elements of Music c2015bAlipato: A Journal of Basic Education avol. 6 xEDUCATION uhttp://journals.upd.edu.ph/index.php/ali/article/view/4542/4092